00272nam a22001097a 4500008004100000020002100041100001600062245004300078250001200121260002100133300000800154250307b |||||||| |||| 00| 0 eng d a978-934-8179-043 aC K Takwani aLectures on Administrative Law 8th Ed. a8th Ed. aDelhibEBCc2025 a825